00768 2200253 4500001002100000005001700021008004100038020002200079035002500101040001200126082001100138084001900149245012500168250001000293260003500303300003500338500003100373650002300404700001800427700001800445700002100463700001800484850001200502INLIS00000000000944120150810113847.0  a978-602-7636-42-2 a0010-081500000000879 aYOPDYOG a384.55 aDEP 384.55 Kol aKOLONIALISASI media televisic/ penulis Azka Ramadlan...[et al] ; editor Aditya Yanuar, Rima Ariska Peni, Fajar Junaedi. aCet.1 aYogyakartabBuku Lenterac2013 axxxii, 200 hlm.: ilus. ; 21 cm aBibliografi : hlm. 183-186 aTelevisi-Penyiaran aAzka Ramadlan aAditya Yanuar aRima Ariska Peni aFajar Junaedi aYOPDYOG